| 000 | 00373nam a22001337a 4500 | ||
|---|---|---|---|
| 005 | 20240705143515.0 | ||
| 008 | 240705b |||||||| |||| 00| 0 eng d | ||
| 041 | _aeng | ||
| 100 |
_aGUPTA, DR.VERENDRA KUMAR & GUPTA, DR. NIRMALA _98437 |
||
| 245 | _aMAHAN GANITAGYA SRENIVAS RAMANUJAN | ||
| 260 |
_aNEW DELHI _bSHIKSHA SANSKRITI UTTHAN NYAS |
||
| 300 | _a70;p | ||
| 942 | _cBK | ||
| 999 |
_c8542 _d8540 |
||